000 00559nam a2200205Ia 4500
003 GCL
008 140319s9999 xx 000 0 eng d
040 _aGCL /
_cGCL
082 0 4 _a418.007
_bR R
100 1 _aRICHARDS, JACK C.
245 1 0 _aREFLECTIVE TEACHING IN SECOND LANGUAGE CLASSROOMS /
_cRICHARDS, JACK C.
700 1 _aLACKHART, CHARLES
260 _a[S.N] :
_bCAMBRIBGE UNIVERSITY PRESS ،
_c1994
300 _a218 P
650 0 4 _aTEACHING
650 0 4 _aEDUCATION
650 0 4 _aAPPLIED LINGUISTICS
650 0 4 _aLANGUAGES
942 _2ddc
_cBK
999 _c19522
_d19522